Kuasai tarian tradisional kita

Bibliographic Details
Main Author: Mas Anom Musdar
Format: Book
Published: Petaling Jaya : Anugerah Pub. , 2014
Series:Cerita warisan tradisional kita
Subjects:

MARC

LEADER 00000cam a2200000 7i4500
001 0000044542
005 20151222.0
008 150106
020 |a 9670361635 
090 0 0 |a JF   |b CUS MAL 
100 1 |a Mas Anom Musdar 
245 1 0 |a Kuasai tarian tradisional kita   |c Mas Anom Musdar 
260 |a Petaling Jaya :   |b Anugerah Pub. ,   |c 2014 
440 |a Cerita warisan tradisional kita 
500 |a Children ages 7-9 years old (orange) 
650 0 |a Folk dancing, Malay   |z Malaysia 
650 0 |a Folk literature, Malay 
999 |a 0001307907   |b Book   |c Children Collection   |e Cawangan Pontian 
999 |a 0001307911   |b Book   |c Children Collection   |e Cawangan Segamat 
999 |a 0001307913   |b Book   |c Audiovisual   |e Cawangan Taman Sri Lambak 
999 |a 0001307920   |b Book   |c Children Collection   |e Cawangan Tmn. Ungku Tun Aminah 
999 |a 0001324616   |b Book   |c Children Collection   |e Cawangan Urban Transformation Centre 
999 |a 0001324617   |b Book   |c Children Collection   |e Perbadanan Perpustakaan Awam Johor